Hoa trong thơ cổ Manyoshu (Vạn Diệp Tập) từ góc nhìn văn hóa truyền thống Nhật Bản /

Spremljeno u:
Bibliografski detalji
Glavni autor: Nguyễn Phương Khánh.
Daljnji autori: Trịnh Thị Liên.
Format: Članak
Jezik:Vietnamese
Teme:
Hoa
Oznake: Dodaj oznaku
Bez oznaka, Budi prvi tko označuje ovaj zapis!
Thư viện lưu trữ: Thư viện Trường Đại học Đà Lạt
LEADER 00934nam a2200301 4500
001 DLU210195687
005 ##20210122
040 # # |a DLU  |b vie 
041 # # |a vie 
044 # # |a vn 
100 # # |a Nguyễn Phương Khánh. 
245 # # |a Hoa trong thơ cổ Manyoshu (Vạn Diệp Tập) từ góc nhìn văn hóa truyền thống Nhật Bản /  |c Nguyễn Phương Khánh, Trịnh Thị Liên. 
653 # # |a Biểu tượng 
653 # # |a Hoa  
653 # # |a Thơ ca Nhật Bản 
653 # # |a Văn hóa truyền thống 
700 # # |a Trịnh Thị Liên. 
773 # # |t Nghiên cứu Đông Bắc Á  |g Số 4(218), 2019, tr. 60-69 
920 # # |a Phòng Tạp chí -- Trung tâm Thông tin - Thư viện Trường Đại học Đà Lạt 
933 # # |a LS 
994 # # |a DLU 
900 # # |a True 
911 # # |a Hoàng Thị Huyền 
925 # # |a G 
926 # # |a A 
927 # # |a BB 
980 # # |a Thư viện Trường Đại học Đà Lạt